Diplomatické špecifiká Švajčiarska v medzinárodných vzťahoch bakalárska práca

Na minha lista:
Detalhes bibliográficos
Autor principal: Trojanová, Michaela
Autor Corporativo: Fakulta medzinárodných vzťahov EU. Katedra medzinárodných ekonomických vzťahov a hospodárskej diplomacie
Outros Autores: Cséfalvayová, Katarína
Formato: Livro
Idioma:eslovaco
Publicado em: Bratislava 2016
Tags: Adicionar Tag
Sem tags, seja o primeiro a adicionar uma tag!

MARC

LEADER 00000nbm a2200000 4500
001 0218138
005 20170209122001.7
041 0 |a slo 
044 |a SK 
245 1 0 |a Diplomatické špecifiká Švajčiarska v medzinárodných vzťahoch  |b bakalárska práca  |c Michaela Trojanová ; školiteľ: Katarína Cséfalvayová 
264 1 |a Bratislava  |c 2016 
300 |a 54 s. 
100 1 |a Trojanová, Michaela 
700 1 |a Cséfalvayová, Katarína 
710 2 |a Fakulta medzinárodných vzťahov EU. Katedra medzinárodných ekonomických vzťahov a hospodárskej diplomacie